| 000 | 00532nam a2200241Ia 4500 | ||
|---|---|---|---|
| 008 | 210210b xxu||||| |||| 00| 0 eng d | ||
| 041 | _aeng | ||
| 082 | _a940/261 | ||
| 100 | _aCAMBRIDGE MEDIAEVAL HISTORY SERIES | ||
| 245 | _aCambridge mediaeval history maps Vol II | ||
| 260 |
_a- _b- _c |
||
| 440 | _a2 | ||
| 650 | _aVol | ||
| 650 | _amediaeval | ||
| 650 | _amaps | ||
| 650 | _aII | ||
| 650 | _aI | ||
| 650 | _ahistory | ||
| 650 | _aCmbridge | ||
| 650 | _aCambridge | ||
| 690 | _aEuropean History | ||
| 906 | _a025327 | ||
| 999 |
_c151219 _d151219 |
||